000 00274nam a22001217a 4500
008 180911b xxu||||| |||| 00| 0 eng d
041 _aeng
080 _a338
100 _a54
101 _aMAN
245 _aSuccessful Engineering Management
_cHicks T.G
942 _2udc
_cBK
999 _c47656
_d47656